|
|
|
|
| LEADER |
02221cam a2200601 7i4500 |
| 001 |
0000027980 |
| 005 |
20121227090000.0 |
| 020 |
0 |
0 |
|a 9781860996887
|
| 090 |
0 |
0 |
|a WESA 338.7025
|b MAJ
|
| 245 |
0 |
0 |
|a Major companies of the Arab world 2012.
|
| 260 |
0 |
0 |
|a London:
|b Graham & Whiteside,
|c 2012.
|
| 300 |
# |
# |
|a 1155 p.
|
| 650 |
0 |
0 |
|a Business enterprise --
|x Directories --
|z Lebanon
|
| 650 |
0 |
0 |
|a Business enterprise --
|x Directories --
|z Algeria
|
| 650 |
0 |
0 |
|a Business enterprise --
|x Directories --
|z Bahrain
|
| 650 |
0 |
0 |
|a Business enterprise --
|x Directories --
|z Egypt
|
| 650 |
0 |
0 |
|a Business enterprise --
|x Directories --
|z Gaza and West Bank
|
| 650 |
0 |
0 |
|a Business enterprise --
|x Directories --
|z Iraq
|
| 650 |
0 |
0 |
|a Business enterprise --
|x Directories --
|z Jordan
|
| 650 |
0 |
0 |
|a Business enterprise --
|x Directories --
|z Kuwait
|
| 650 |
0 |
0 |
|a Business enterprise --
|x Directories --
|z Yemen
|
| 650 |
0 |
0 |
|a Business enterprise --
|x Directories --
|z Libya
|
| 650 |
0 |
0 |
|a Business enterprise --
|x Directories --
|z Mauritania
|
| 650 |
0 |
0 |
|a Business enterprise --
|x Directories --
|z Morocco
|
| 650 |
0 |
0 |
|a Business enterprise --
|x Directories --
|z Oman
|
| 650 |
0 |
0 |
|a Business enterprise --
|x Directories --
|z Qatar
|
| 650 |
0 |
0 |
|a Business enterprise --
|x Directories --
|z Saudi Arabia
|
| 650 |
0 |
0 |
|a Business enterprise --
|x Directories --
|z Somalia
|
| 650 |
0 |
0 |
|a Business enterprise --
|x Directories --
|z Sudan
|
| 650 |
0 |
0 |
|a Business enterprise --
|x Directories --
|z Syria
|
| 650 |
0 |
0 |
|a Business enterprise --
|x Directories --
|z Tunisia
|
| 650 |
0 |
0 |
|a Business enterprise --
|x Directories --
|z United Arab Emirates
|
| 651 |
0 |
0 |
|a Sudan
|
| 651 |
0 |
0 |
|a Kuwait
|
| 651 |
0 |
0 |
|a Saudi Arabia
|
| 651 |
0 |
0 |
|a Morocco
|
| 651 |
0 |
0 |
|a Oman
|
| 651 |
0 |
0 |
|a United Arab Emirates
|
| 651 |
0 |
0 |
|a Egypt
|
| 651 |
0 |
0 |
|a Tunisia
|
| 651 |
0 |
0 |
|a Libya
|
| 651 |
0 |
0 |
|a Algeria
|
| 651 |
0 |
0 |
|a Gaza and West Bank
|
| 651 |
0 |
0 |
|a Bahrain
|
| 651 |
0 |
0 |
|a Lebanon
|
| 651 |
0 |
0 |
|a Jordan
|
| 651 |
0 |
0 |
|a Qatar
|
| 651 |
0 |
0 |
|a Syria
|
| 651 |
0 |
0 |
|a Mauritania
|
| 651 |
0 |
0 |
|a Iraq
|
| 651 |
0 |
0 |
|a Yemen
|
| 651 |
0 |
0 |
|a Somalia
|
| 999 |
|
|
|a B000030856
|b Directories
|c Regions
|e Business Information Centre
|